Combating a deadly menace : early experiences with a community-based arsenic mitigation project in Bangladesh

Report of project "Action Research into Community-Based Arsenic Mitigation" implemented in Narayanganj and Jessore districts.

Bibliografiske detaljer
Institution som forfatter: BRAC. Research and Evaluation Division
Andre forfattere: Chowdhury, A. M. Raza
Format: Bog
Sprog:English
Udgivet: Dhaka : BRAC, Research and Evaluation Division, 2000.
Serier:Research monograph series ; no. 16
Fag:
Classic Catalogue: View this record in Classic Catalogue
LEADER 02693nam a2200337 a 4500
001 44413
003 BD-DhAAL
008 100428s2000 bg ab b 000 0 eng d
010 |a  2003314011 
040 |a DLC  |c DLC  |d DB-DhAAL 
082 0 0 |a 615.925715095492  |2 21 
245 0 0 |a Combating a deadly menace :  |b early experiences with a community-based arsenic mitigation project in Bangladesh  |g June 1999-June 2000 /  |c research team, A.M.R. Chowdhury ... [et al.]. 
260 |a Dhaka :  |b BRAC, Research and Evaluation Division,  |c 2000. 
300 |a vii, 116 pages ;  |a 259-266 pages :  |b illustrations, maps (some col.) ;  |c 25 cm 
490 1 |a Research monograph series ;  |v no. 16 
504 |a Includes bibliographical references (pages 88-89). 
520 |a Report of project "Action Research into Community-Based Arsenic Mitigation" implemented in Narayanganj and Jessore districts. 
541 1 |e 0009804, 44413, 44414  |a Complimentary copy from Dr. Ahmed Mushtaque Raza Chowdhury (Former Vice Chairperson of BRAC) 
650 0 |a Groundwater pollution  |z Bangladesh.  |9 49187 
650 0 |a Arsenic  |x Toxicology  |z Bangladesh.  |9 49189 
650 0 |a Arsenic  |x Environmental aspects  |z Bangladesh.  |9 565 
650 0 |a Water  |x Purification  |x Arsenic removal  |z Bangladesh.  |9 58199 
700 1 |a Chowdhury, A. M. Raza. 
710 2 |a BRAC.  |b Research and Evaluation Division. 
830 0 |a Research monograph series ;  |v no. 16 
852 4 |a Ayesha Abed Library   |c Ahmed Mushtaque Raza Chowdhury Collection 
942 |2 ddc  |c BK 
999 |c 8319  |d 8319 
952 |0 0  |1 4  |2 ddc  |4 0  |6 615_925715095492000_COM  |7 0  |9 9581  |a BRACUL  |b BRACUL  |c GEN  |d 2010-04-29  |l 0  |o 615.925715095492 COM  |p 3010009804  |r 2010-04-29  |t 1  |w 2010-04-29  |y BK  |x Koha Inventory 2020 
952 |0 0  |1 0  |2 ddc  |4 0  |6 615_925715095492000_COM  |7 1  |9 77685  |a BRACUL  |b BRACUL  |c AMRC  |d 2025-04-28  |e Complimentary copy from Dr. Ahmed Mushtaque Raza Chowdhury (Former Vice Chairperson of BRAC)  |l 0  |o 615.925715095492 COM  |p 3010044413  |r 2025-04-28  |t 2  |w 2025-04-28  |y BK  |x Complimentary copy received from Dr. Ahmed Mushtaque Raza Chowdhury (Former Vice Chairperson of BRAC) on 17 April 2025 ; The University Librarian instructed to process the photocopy of the book because the author is the copyright recipient. 
952 |0 0  |1 0  |2 ddc  |4 0  |6 615_925715095492000_COM  |7 1  |9 77687  |a BRACUL  |b BRACUL  |c AMRC  |d 2025-04-28  |e Complimentary copy from Dr. Ahmed Mushtaque Raza Chowdhury (Former Vice Chairperson of BRAC)  |l 0  |o 615.925715095492 COM  |p 3010044414  |r 2025-04-28  |t 3  |w 2025-04-28  |y BK  |x Complimentary copy received from Dr. Ahmed Mushtaque Raza Chowdhury (Former Vice Chairperson of BRAC) on 17 April 2025 ; The University Librarian instructed to process the photocopy of the book because the author is the copyright recipient.